00947 2200253 4500001002100000005001500021035002000036007000300056008004100059020002200100082001100122084001700133100002100150245011300171250001000284260003800294300003400332650003100366700002000397700001300417505024100430990001100671990001100682INLIS00000000000465720191217092803 a0010-1219000109ta191217 g 0 ind  a978-602-0869-93-3 a959.81 a959.81 WIL s0 aWILLIAM, Marsden1 aSejarah Sumatra :bThe History of Sumatra /cWillim Marsden; penyuning, Daru Wijayanti; penerjemah, Sutrisno acet.1 aYogyakarta :bIndoliterasi,c2016 aiii, 713 hlm :bilus ;c23 cm 4aSEJARAH. SUMATRA INDONESIA0 aDARU, Wijayanti0 aSUTRISNO aJudul asli: The History of Sumatra, Containing an Account of The Goverment, Laws, Custom, and Mannaers of Th Native Inhbitants, with A Description of The Natural, Production, and A Relations of The Ancient Political State of That Island a7263 a a7263 b